LEADER 01825nam0 22003853i 450 001 MIL0366720 005 20231121125546.0 020 $aIT$b1937 9811 100 $a20041221d1937 ||||0itac50 ba 101 | $aita 102 $ait 181 1$6z01$ai $bxxxe 182 1$6z01$an 200 1 $aStoria della "questione ladina"$fCarlo Battisti 210 $aFirenze$cF. Le Monnier$d1937 215 $aVII, 83 p.$d26 cm. 225 | $aPubblicazioni della R. Università degli studi di Firenze. Facoltà di lettere e filosofia$i. 3. serie$v6 410 0$1001RAV0256318$12001 $aPubblicazioni della R. Università degli studi di Firenze. Facoltà di lettere e filosofia$i. 3. serie$v6 500 10$aStoria della "questione ladina".$3MSE0081431$9CFIV028873$9170003 606 $aLadini$xStoria$2FIR$3SBLC142116$9I 606 $aDialetti ladini$2FIR$3RMLC094456$9I 676 $a459.94$9$v21 700 1$aBattisti$b, Carlo$f <1882-1977>$3CFIV028873$4070$0285301 801 3$aIT$bIT-01$c20041221 850 $aIT-RM0290 $aIT-RM0542 $aIT-RM0460 $aIT-FR0017 $aIT-RM0526 899 $aBIBLIOTECA ANGELICA$bRM0290 899 $aBIBLIOTECA DEL MINISTERO DEGLI AFFARI ESTERI$bRM0542 $eN 899 $aBiblioteca Dell' Archivio Centrale Dello Stato$bRM0460 899 $aBiblioteca umanistica Giorgio Aprea$bFR0017 899 $aBiblioteca dell?Istituto Centrale per il Patrimonio Immateriale$bRM0526 912 $aMIL0366720 950 0$aBiblioteca umanistica Giorgio Aprea$d 52DFAG S 93$e 52SBA0000136995 VMB RS Donazione Francesco Agostini$fA $h20120419$i20120419 977 $a 06$a 09$a 27$a 52$a 58 996 $aStoria della "questione ladina"$9170003 997 $aUNICAS